Lewis Henry Morgan : (Registro nro. 6561)
[ vista simple ]
| 000 -LEADER | |
|---|---|
| fixed length control field | 01802nam a22003257a 4500 |
| 003 - CONTROL NUMBER IDENTIFIER | |
| control field | OSt |
| 005 - DATE AND TIME OF LATEST TRANSACTION | |
| control field | 20200219162954.0 |
| 008 - FIXED-LENGTH DATA ELEMENTS--GENERAL INFORMATION | |
| fixed length control field | 200219s1994 ck ||||gr|||| 00| 0 spa d |
| 020 ## - INTERNATIONAL STANDARD BOOK NUMBER | |
| International Standard Book Number | 9789581701100 |
| 040 ## - CATALOGING SOURCE | |
| Original cataloging agency | CO-JMCR |
| Transcribing agency | CO-JMCR |
| 041 0# - LANGUAGE CODE | |
| Language code of text/sound track or separate title | spa |
| 082 04 - DEWEY DECIMAL CLASSIFICATION NUMBER | |
| Classification number | 301 / |
| Item number | V441l |
| 100 ## - MAIN ENTRY--PERSONAL NAME | |
| Personal name | Vasco Uribe, Luis Guillermo, |
| Relator term | autor |
| 9 (RLIN) | 776 |
| 245 10 - TITLE STATEMENT | |
| Title | Lewis Henry Morgan : |
| Remainder of title | confesiones de amor y odio / |
| Statement of responsibility, etc. | Luis Guillermo Vasco Uribe |
| 250 ## - EDITION STATEMENT | |
| Edition statement | Primera edición |
| 260 ## - PUBLICATION, DISTRIBUTION, ETC. | |
| Place of publication, distribution, etc. | Bogotá : |
| Name of publisher, distributor, etc. | Universidad Nacional de Colombia, |
| Date of publication, distribution, etc. | 1994 |
| 300 ## - PHYSICAL DESCRIPTION | |
| Extent | 388 páginas ; |
| Dimensions | 24 cm. |
| 490 0# - SERIES STATEMENT | |
| Series statement | Colección Latinoamericana |
| 500 ## - GENERAL NOTE | |
| General note | Incluye datos biográficos del autor en solapa. |
| 504 ## - BIBLIOGRAPHY, ETC. NOTE | |
| Bibliography, etc. note | Bibliografía: páginas [373]-388 |
| 505 0# - FORMATTED CONTENTS NOTE | |
| Formatted contents note | Importancia de Morgan -- El hombre y su obra -- ¿Historia o teoría de la historia? -- Desarrollo desigual -- Teoría de la transición y el cambio -- Papel del individuo en la historia -- El poder creador de la palabra -- Formación de la humanidad -- Unidad de las sociedades americanas -- La liga de los Iroqueses -- ¿Integración o autonomía? -- Comunismo aborigen americano -- La confederación Azteca -- La propiedad también pasará -- Notas sobre familia y parentesco -- Confesiones de amor y odio -- Futuro de la etnología americana |
| 520 ## - SUMMARY, ETC. | |
| Summary, etc. | "El autor pone de presente, en uno de los pocos estudios exhaustivos que se han hecho sobre Morgan, la fortaleza de su investigación de campo y la importancia de su aporte teórico a la antropología moderna" |
| 650 14 - SUBJECT ADDED ENTRY--TOPICAL TERM | |
| Topical term or geographic name entry element | Lewis Henry Morgan |
| Chronological subdivision | 1818-1881 |
| 9 (RLIN) | 777 |
| 650 14 - SUBJECT ADDED ENTRY--TOPICAL TERM | |
| Topical term or geographic name entry element | Antropología |
| General subdivision | teoría |
| 9 (RLIN) | 778 |
| 650 14 - SUBJECT ADDED ENTRY--TOPICAL TERM | |
| Topical term or geographic name entry element | Etnología |
| 9 (RLIN) | 779 |
| 650 14 - SUBJECT ADDED ENTRY--TOPICAL TERM | |
| Topical term or geographic name entry element | Antropología |
| General subdivision | historia |
| 9 (RLIN) | 780 |
| 650 24 - SUBJECT ADDED ENTRY--TOPICAL TERM | |
| Topical term or geographic name entry element | Iroqueses |
| 9 (RLIN) | 781 |
| General subdivision | vida y costumbres |
| 650 24 - SUBJECT ADDED ENTRY--TOPICAL TERM | |
| Topical term or geographic name entry element | Aztecas |
| 9 (RLIN) | 782 |
| General subdivision | vida y costumbres |
| 942 ## - ADDED ENTRY ELEMENTS (KOHA) | |
| Source of classification or shelving scheme | Dewey Decimal Classification |
| Koha item type | Books |
| Withdrawn status | Lost status | Source of classification or shelving scheme | Damaged status | Not for loan | Collection code | Home library | Current library | Shelving location | Date acquired | Source of acquisition | Cost, normal purchase price | Total Checkouts | Total Renewals | Full call number | Barcode | Date last seen | Date last checked out | Copy number | Price effective from | Koha item type |
|---|---|---|---|---|---|---|---|---|---|---|---|---|---|---|---|---|---|---|---|---|
| Dewey Decimal Classification | Non-fiction | Biblioteca Pública José María del Castillo y Rada | Biblioteca Pública José María del Castillo y Rada | Processing Center | 12/12/2018 | Donación | 0.00 | 3 | 1 | 301 / V441l | 201809389 | 04/01/2025 | 03/28/2025 | Ej.1 | 02/19/2020 | Books |